000 00717nam a2200205Ii 4500
003 JO-AjNU
008 230605s9999||||xx |||||||||||||| ||und||
040 _aJO-AjNU
_bara
_erda
_cJO-AjNU
041 _aara
050 1 4 _aLA11.A2.1981
100 3 _aعبد الدائم،عبدالله,
_eauthor
_943509
245 0 0 _aالتربية عبر التاريخ من العصور القديمة حتى أوائل القرن العشرين
250 _aط4
264 3 1 _aبيروت:دار العلم للملايين،1981
300 _a672ص
336 _atext
_btxt
_2rdacontent
337 _aunmediated
_bn
_2rdamedia
338 _avolume
_bnc
_2rdacarrier
650 4 _aالتربية-التعليم-تاريخ
_943510
999 _aA18710
_c22278
_d22278